000 01344nam a22003857a 4500
003 CHAP
005 20220329141535.0
008 971013s1988 r 00010 d
010 _a69858
011 _a70830
035 _a80383
040 _cCHAP
090 _aTesis
100 0 0 _aLópez Mendoza, Minerva.
_968118
245 _aCaracterización de productos hortofrutícolas de humedad intermedia en la región centro norte de México
260 _aChapingo, Méx. :
_bEl autor,
_c1988
300 _a139 h.
_b: ilus.
500 _a18-138
502 _aTesis (Ing. Agr. Esp. en Industrias Agrícolas) -- UACH. Departamento de Industrias Agrícolas
590 _aALEPH
_b10
_c20130110
_lUCH01
_h1409
590 _aBATCH-UPD
_b10
_c20130110
_lUCH01
_h0400
590 _aBATCH-UPD
_b10
_c20130110
_lUCH01
_h1932
590 _aBATCH-UPD
_b10
_c20130410
_lUCH01
_h0033
590 _aBATCH-UPD
_b10
_c20130410
_lUCH01
_h1647
590 _aBATCH-UPD
_b10
_c20130914
_lUCH01
_h1446
590 _aCONVERSION
_b10
_c20130109
_lUCH01
_h1338
650 1 4 _aFruta
_xConservación.
_943602
650 1 4 _aFruta
_xProcesado.
_943653
650 1 4 _aTuna.
_9115544
700 0 _aChablé Interian, José Gabriel.
_921684
901 _aBK
942 _cFOLL
949 _bBC
_cTES
_d-33285
_eTS1
_h21217
_i80383
_si
949 _bBC
_cTES
_d-94657
_eTS2
_fc.2
_h21218
_i80383
_si
999 _c69858
_d69858